Energetická bezpečnosť EÚ pod vplyvom súčasného ekonomického a strategického vývoja

Salvato in:
Dettagli Bibliografici
Autore principale: Peštová, Viktória, 1995-
Natura: Capitolo di libro
Lingua:slovacco
Tags: Aggiungi Tag
Nessun Tag, puoi essere il primo ad aggiungerne!!

MARC

LEADER 00000naa$a2200000$$$4500
001 0314452
005 20260123092918.7
041 0 |a slo 
044 |a SK 
245 1 0 |a Energetická bezpečnosť EÚ pod vplyvom súčasného ekonomického a strategického vývoja  |c Viktória Peštová 
100 1 |a Peštová, Viktória, 1995-